Ironies in organizational development

Bibliographic Details
Main Author: Golembiewski, Robert T.
Corporate Author: ProQuest (Firm)
Format: Electronic eBook
Language:English
Published: New York : Marcel Dekker, c2003.
Edition:2nd ed., rev. and expanded.
Series:Public administration and public policy ; 100.
Subjects:
Online Access:Click to View
LEADER 01380nam a22003734a 4500
001 EBC216302
003 MiAaPQ
005 20200520144314.0
006 m o d |
007 cr cn|||||||||
008 020910s2003 nyu sb 001 0 eng
010 |z  2002034851 
020 |z 0824708075 (alk. paper) 
035 |a (MiAaPQ)EBC216302 
035 |a (Au-PeEL)EBL216302 
035 |a (CaPaEBR)ebr10051432 
035 |a (CaONFJC)MIL20271 
035 |a (OCoLC)252716965 
040 |a MiAaPQ  |c MiAaPQ  |d MiAaPQ 
050 4 |a HD58.8  |b .G644 2003 
082 0 4 |a 658.4/06  |2 21 
100 1 |a Golembiewski, Robert T. 
245 1 0 |a Ironies in organizational development  |h [electronic resource] /  |c Robert T. Golembiewski. 
250 |a 2nd ed., rev. and expanded. 
260 |a New York :  |b Marcel Dekker,  |c c2003. 
300 |a xxvi, 668 p. 
490 1 |a Public administration and public policy ;  |v 100 
504 |a Includes bibliographical references and index. 
533 |a Electronic reproduction. Ann Arbor, MI : ProQuest, 2015. Available via World Wide Web. Access may be limited to ProQuest affiliated libraries. 
650 0 |a Organizational change. 
655 4 |a Electronic books. 
710 2 |a ProQuest (Firm) 
830 0 |a Public administration and public policy ;  |v 100. 
856 4 0 |u https://ebookcentral.proquest.com/lib/matrademy/detail.action?docID=216302  |z Click to View